000 00775nam a2200193 i 4500
001 40120
003 ES-MaACL
005 20230906160139.0
007 t|
008 030305s1949 sp ||||1| spa d
100 1 _aCapdevielle, Juan Manuel.
_934789
245 1 0 _aTres estudios y un ensayo sobre temas forestales de la Guinea continental española /
_cJuan Manuel Capdevielle.
260 _aMadrid :
_bAres,
_c1949.
300 _a235 p. :
_bil., 8 gráf. ;
_c27 cm.
500 _aPrecede al tít.: Consejo Superior de Investigaciones Científicas, Instituto de Estudios Africanos.
710 2 _aInstituto de Estudios Africanos.
_94881
740 0 _a3 estudios y un ensayo sobre temas forestales de la Guinea continental española.
852 _aES-MaACL
_jB-2953
_bR.30013
999 _c40120
_d40120